1522 1215 1226 1361 1216 1357 1929 1509 1039 1787 1060 1391 1314 1501 1518 1070 1012 1614 1197 1602 1643 1722 1080 1321 1133 1298 1244 1230 1277 1697 1805 1835 1053 1056 1423 1664 1617 1638 1617 1817 1066 1946 1805 1869 1907 1877 1332 1529 1159 1636 1244 1649 1686 1558 1245 1053 1490 1623 1173 1376 1056 1791 1964 1775 1905 1706 1711 1010 1641 1699 1944 1199 1751 1727 1313 1003 1356 1759 1114 1443 1945 1168 1504 1052 1747 1032 1503 1123 1053 1177 1954 1736 1977 1630 1028 1110 1222 1630 1457 BCNSPRNW ULIB Ver.6.0+V

เปลี่ยนเป็นภาษาไทย

Change to English
 แสดงรายละเอียดบรรณานุกรม
  กลับหน้าหลัก

Brief Record : Get Marc (ISO 2709) : E-mail record : QR code < ปิดหน้าต่าง
LEADER : 00000nam 2200000uu 4500
001    13399126876
003     ULIB
008    020711s2561 th a 000 0 tha d
020    ^a9786164073869
060    ^aWW168^bศ696ต
100    ^aศุภพงศ์ ถิรคุณวิชชะ
245    ^aตำรา ศัลยกรรมจักษุตกแต่งและเสริมสร้าง (OCULOP LASTIC AND RECONSTRUCTIVE SURGERY)
250    ^aพิมพ์ครั้งที่ 1
260    ^aกรุงเทพฯ :^bภาควิชาจักษุวิทยา คณะแพทยศาสตร์ จุฬาลงกรณ์มหาวิทยาลัย,^c2561
300    ^a376 หน้า;^b26 ซม.
650    ^aศัลยกรรมตกแต่งตา
945    ^p1000^l0^i005621
945    ^p1000^l0^i005619
945    ^p1000^l0^i005618
945    ^p1000^l0^i005620
945    ^p1000^l0^i005617
999    ^aประนอม เกษจรัล
รายการนี้ยังไม่มีแท็ก
คุณยังไม่ได้ล็อกอิน คุณสามารถมีกิจกรรมร่วมกับเว็บไซต์ได้ แต่ต้องล็อกอินก่อน ::
  ล็อกอิน

รายการสื่อสารสนเทศ

ลำดับที่ ประเภท เลขเรียก/บาร์โค้ด สถานที่ สถานะ
1. วิทยาศาสตร์การแพทย์ และสุขภาพ
หนังสือสำรอง
สถานะ=หนังสือสำรอง
WW168 ศ696ต ฉ.1 
  Barcode: 005617
ห้องสมุดวิทยาเขตสวรรค์ประชารักษ์
►หนังสือทั่วไป
บนชั้น
2. วิทยาศาสตร์การแพทย์ และสุขภาพ
วิทยาศาสตร์การแพทย์ และสุขภาพ
WW168 ศ696ต ฉ.2 
  Barcode: 005618
ห้องสมุดวิทยาเขตสวรรค์ประชารักษ์
►หนังสือทั่วไป
บนชั้น
3. วิทยาศาสตร์การแพทย์ และสุขภาพ
วิทยาศาสตร์การแพทย์ และสุขภาพ
WW168 ศ696ต ฉ.3 
  Barcode: 005619
ห้องสมุดวิทยาเขตสวรรค์ประชารักษ์
►หนังสือทั่วไป
บนชั้น
4. วิทยาศาสตร์การแพทย์ และสุขภาพ
วิทยาศาสตร์การแพทย์ และสุขภาพ
WW168 ศ696ต ฉ.4 
  Barcode: 005620
ห้องสมุดวิทยาเขตสวรรค์ประชารักษ์
►หนังสือทั่วไป
บนชั้น
5. วิทยาศาสตร์การแพทย์ และสุขภาพ
วิทยาศาสตร์การแพทย์ และสุขภาพ
WW168 ศ696ต ฉ.5 
  Barcode: 005621
ห้องสมุดวิทยาเขตสวรรค์ประชารักษ์
►หนังสือทั่วไป
บนชั้น

รายการใกล้เคียง
    ชื่อเรื่อง [ตำรา ศัลยกรรมจักษุตกแต่งและเสริมสร้าง (OCULOP LASTIC AND RECONSTRUCTIVE SURGERY)]

    ผู้แต่ง [ศุภพงศ์ ถิรคุณวิชชะ]

    หัวเรื่อง [ศัลยกรรมตกแต่งตา]

BibComment


ยังไม่เคยถูกคอมเมนท์

คอมเมนท์ทรัพยากรรายการนี้
  คอมเมนท์: ตำรา ศัลยกรรมจัก..


 Copyright 2026. Bcnsprnw @Library